000 00357nam a22001457a 4500
020 _qHB.
040 _cFIZZA ISHAQ
082 _a551.49
_bJIA
100 _aJIAO, JIMMY.
_991192
245 _aCOASTAL HYDROGEOLOGY /
_cJIMMY JIAO.
250 _a1st ED.
260 _aNEW YORK ;
_bCAMBRIDGE UNIVERSITY PRESS,
_c2019.
300 _a403 P. ;
942 _2ddc
_cBK
999 _c589354
_d589354